ՀՀ Գիտությունների ազգային ակադեմիայի հիմնարար գիտական գրադարան  =   Fundamental Scientific Library of NAS RA

Эгмонт= : (Record no. 178616)

MARC details
000 -LEADER
fixed length control field 00889nam a2200217 u 4500
001 - CONTROL NUMBER
control field 000485633
003 - CONTROL NUMBER IDENTIFIER
control field AM-YeHGA
005 - DATE AND TIME OF LATEST TRANSACTION
control field 20250618072618.0
008 - FIXED-LENGTH DATA ELEMENTS--GENERAL INFORMATION
fixed length control field 060425s1893 ||| r 000 0 ger d
040 ## - CATALOGING SOURCE
Original cataloging agency AM-YeHGA
041 0# - LANGUAGE CODE
Language code of text/sound track or separate title ger
090 ## - LOCALLY ASSIGNED LC-TYPE CALL NUMBER (OCLC); LOCAL CALL NUMBER (RLIN)
-- 180063
100 1# - MAIN ENTRY--PERSONAL NAME
Personal name Գյոթե, Յոհան Վոլֆգանգ,
Dates associated with a name 1749-1832
245 10 - TITLE STATEMENT
Title Эгмонт= :
Remainder of title Egmont /
Statement of responsibility, etc. Гете; Текст с введ., примеч. и словарем объянил Е.А. Лёве.
246 31 - VARYING FORM OF TITLE
Title proper/short title Egmont
260 ## - PUBLICATION, DISTRIBUTION, ETC.
Place of publication, distribution, etc. С.-Петербург :
Name of publisher, distributor, etc. Изд. С.А. Манштейна,
Date of publication, distribution, etc. 1893.
300 ## - PHYSICAL DESCRIPTION
Extent 80 с.
440 #0 - SERIES STATEMENT/ADDED ENTRY--TITLE
Title Избранныя произведенiя немецких и французских писателей для класснаго и домашняго чтенiя
546 ## - LANGUAGE NOTE
Language note Текст на нем. яз.
650 14 - SUBJECT ADDED ENTRY--TOPICAL TERM
Topical term or geographic name entry element Գերմանական գրականություն
9 (RLIN) 5149
Holdings
Withdrawn status Lost status Damaged status Not for loan Collection Home library Current library Date acquired Total checkouts Full call number Barcode Date last seen Price effective from Koha item type Public note
        General Fundamental Scientific Library Fundamental Scientific Library 28/12/2016   882 110043813 28/12/2016 28/12/2016 Գրքեր / Books 30 Days Loan


ՀՀ ԳԱԱ հիմնարար գիտական գրադարան
ՀՀ,Երևան 0019
Մարշալ Բաղրամյան 24/6
հեռախոս:(374-10) 52-47-50
Հետադարձ կապ

All site content, except where otherwise noted, is licensed under a
Creative Commons License